| 000 | 01732cam a22003857a 4500 | ||
|---|---|---|---|
| 001 | 16194518 | ||
| 005 | 20170105102853.0 | ||
| 008 | 100420s2010 enkab b 001 0 eng d | ||
| 010 | _a 2010413357 | ||
| 020 | _a9781904955696 (pbk.) | ||
| 035 | _a(OCoLC)ocn505157407 | ||
| 040 |
_aBWK _cBWK _dCDX _dYDXCP _dWTU _dDLC |
||
| 042 | _alccopycat | ||
| 050 | 0 | 0 |
_aF2810 _b.K54 2010 |
| 082 | 0 | 0 |
_a982/.11 _222 |
| 100 | 1 | _aKinder, Thomas. | |
| 245 | 1 | 0 |
_aWar, revolution & society in the Rio de la Plata, 1808-1810 : _bThomas Kinder's narrative of a journey to Madeira, Montevideo and Buenos Aires / _cedited and with an introduction by Malyn Newitt. |
| 246 | 3 | _aWar, revolution and society in the Rio de la Plata, 1808-1810 | |
| 260 |
_aOxford : _bSignal Books, _c2010. |
||
| 300 |
_axi, 252 p. : _bill., maps ; _c22 cm. |
||
| 500 | _aIncludes 'The diary of Thomas Kinder.' | ||
| 504 | _aIncludes bibliographical references (p. [235]-242) and index. | ||
| 600 | 1 | 0 |
_aKinder, Thomas _xTravel _zRio de la Plata (Argentina and Uruguay). |
| 651 | 0 |
_aRio de la Plata (Argentina and Uruguay) _xSocial life and customs _y19th century. |
|
| 651 | 0 |
_aRio de la Plata (Argentina and Uruguay) _xDescription and travel _y19th century. |
|
| 651 | 0 |
_aBuenos Aires (Argentina) _xHistory _y19th century. |
|
| 651 | 0 |
_aMontevideo (Uruguay) _xHistory _y19th century. |
|
| 651 | 0 |
_aArgentina _xPolitics and government _y1776-1810. |
|
| 651 | 0 |
_aUruguay _xPolitics and government _y19th century. |
|
| 700 | 1 | _aNewitt, M. D. D. | |
| 740 | 0 | 2 | _aDiary of Thomas Kinder. |
| 906 |
_a7 _bcbc _ccopycat _d2 _encip _f20 _gy-gencatlg |
||
| 942 |
_2ddc _cBK |
||
| 999 |
_c14358 _d14358 |
||